00161nam a2200073Ia 4500082001200000245001300012100002100025008004100046 aAF ADRI 0aRebecca  aAdriaanse, Wilna210825s9999 xx 000 0 und d